000 00739cam a22002533a 4500
001 9612
003 PGUSA
005 20140828083214.0
008 060101s2006||||xxu|||||s|||||000 p eng d
040 _aPGUSA
_beng
042 _adc
050 4 _aPR
100 1 _aDarwin, Erasmus,
_d1731-1802
245 1 4 _aThe Botanic Garden :
_bA Poem in Two Parts. Part 1: the Economy of Vegetation
_h[electronic resource] /
_cErasmus Darwin
260 _bProject Gutenberg,
_c2006
506 _aPublic domain in the USA.
516 _aElectronic text
653 _aNatural history
653 _aPortland Vase
653 _aPlants -- Poetry
830 0 _aProject Gutenberg
_v9612
856 4 0 _uhttp://www.gutenberg.org/ebooks/9612
942 _cEB
999 _c238868
_d238868